000
00264nam a2200109Ia 4500
008
201231s9999 xx 000 0 und d
100
_a
HMSO
245
0
_a
Code of Safe working practices for merchant seamen
260
_a
London
_b
HMSO
300
_a
---
942
_c
BK
999
_c
10310
_d
10310